000 00378nam a2200133Ia 4500
008 151001s9999||||xx |||||||||||||| ||und||
100 _aउषादेवी विजय कोल्हाटकर
245 _aतृषार्तमी
250 _a1
260 _bमेनका प्रकाशन पुणे
260 _c1968
300 _a138
365 _b17
999 _c962249
_d962246